01293cam a22003015a 45000010006000000050017000060080041000230350013000640100017000770200015000940350023001090400030001320420014001621000033001762450085002092500011002942600072003053000020003774900054003975040041004515050179004926500035006716500044007066500075007506500048008257000031008738300087009042677620230411085953.0060907s2003 dr b 000 0 eng d a13366467 a 2003381650 a9993403563 a(OCoLC)ocm56164286 aZCUcZCUdOCLCQdNOCdDLC alccopycat1 aDe los Reyes, Eileen,d1954-10aEducacion, tecnologia y sociedad/cEileen De los Reyes, Maria P. Ruiz Gutierrez. a1a ed. aSanto Domingo :bFundación Global Democracia y Desarrollo,c2003. a36 p. ;c23 cm.1 aColección Pensamiento contemporáneo ;vno. 5 aIncludes bibliographical references.0 aLa educación como promotora de la democracia participativa / Eileen De los Reyes -- Tecnología educativa: nuevos retos, nuevas perspectivas / María P. Ruiz Gutiérrez. 0aEducationzDominican Republic. 0aEducational changezDominican Republic. 0aEducationxEffect of technological innovations onzDominican Republic. 0aInformation technologyzDominican Republic.1 aRuiz Gutiérrez, María. 0aPensamiento contemporáneo (Fundación Global Democracia y Desarrollo) ;vno. 5.